01754 a2200313 45000010006000000050017000060080041000230030015000640400040000790800083001192450054002020200022002562500011002782640043002893000024003325050658003561000028010147000026010427000024010687000024010927000031011167000022011477000028011697000031011977000027012287000021012557000025012768560139013012398620260407155526.0260407a2003 arg spa dAR-UNSa-BCEJYS aAR-UNSa-BCEJYSbspacAR-UNSa-BCEJYS a658.15xAdministración financiera privada. Gestión financiera de empresas 10aAdministración financiera de las organizaciones a978-950-537-588-2 a2a. ed 1aBuenos Aires :bEdiciones Macchic2003 axix, 607 p.c23 cm. a1. Objetivo y decisiones financieras básicas de las organizaciones / Claudio E. Sapetnitzky - 2. Elementos de cálculo financiero aplicado / Guillermo Lopez Dumrauf, Claudio E. Sapetnitzky - 3. Conceptos básicos de análisis financiero / Claudio E. Sapetnitzky, Pedro J. Vulovic - 4. La decisión de inversión / Claudio E. Sapetnitzky - 5. La decisión de financiamiento / Celestino Carbajal - 6. Decisiones de estructura de capital / Guillermo Lopez Dumrauf - 7. Gestión del capital de trabajo / Pedro J. Vulovic - 8. Riesgo e incertidumbre en las decisiones finacieras / Juan C. Alonso - 9. Decisiones financieras en contextos especiales. 1 aSapetnitzky, Claudio E.1 aAlonso, Aldo Hernán1 aAlonso, Juan Carlos1 aCarbajal, Celestino1 aSamitier, María C. D. de1 aFeldman, Gregorio1 aHerrero, Gustavo Adolfo1 aLópez Dumrauf, Guillermo1 aMessuti, Domingo Jorge1 aPascale, Ricardo1 aVulovic, Pedro Jorge41uhttps://biblioeco.unsa.edu.ar/pmb/images/libros/Administracion financiera de las organizaciones 2ed.jpgyImagen de portadaqimage/jpeg